<?xml version="1.0" encoding="UTF-8"?>
<record
    xmlns:xsi="http://www.w3.org/2001/XMLSchema-instance"
    xsi:schemaLocation="http://www.loc.gov/MARC21/slim http://www.loc.gov/standards/marcxml/schema/MARC21slim.xsd"
    xmlns="http://www.loc.gov/MARC21/slim">

  <leader>00633nam a22002057a 4500</leader>
  <controlfield tag="005">20260425120557.0</controlfield>
  <controlfield tag="008">260425b        |||||||| |||| 00| 0 eng d</controlfield>
  <datafield tag="020" ind1=" " ind2=" ">
    <subfield code="a">9781944660246</subfield>
    <subfield code="c">1295.00</subfield>
  </datafield>
  <datafield tag="040" ind1=" " ind2=" ">
    <subfield code="a">MAIN</subfield>
  </datafield>
  <datafield tag="041" ind1=" " ind2=" ">
    <subfield code="a">English</subfield>
  </datafield>
  <datafield tag="082" ind1=" " ind2=" ">
    <subfield code="a">519.4</subfield>
    <subfield code="b">INA</subfield>
  </datafield>
  <datafield tag="100" ind1=" " ind2=" ">
    <subfield code="a">Inamuro, Takaji</subfield>
    <subfield code="9">26758</subfield>
  </datafield>
  <datafield tag="245" ind1=" " ind2=" ">
    <subfield code="a">Introduction to the Lattice Boltzmann Methods </subfield>
    <subfield code="b">: Numerical Method for Complex boundary and Moving Boundary Flows </subfield>
  </datafield>
  <datafield tag="260" ind1=" " ind2=" ">
    <subfield code="a">New Jersey </subfield>
    <subfield code="b">World Scientific</subfield>
    <subfield code="c">2022</subfield>
  </datafield>
  <datafield tag="300" ind1=" " ind2=" ">
    <subfield code="a">153</subfield>
  </datafield>
  <datafield tag="650" ind1=" " ind2=" ">
    <subfield code="a">Mathematics (PM USHA)</subfield>
    <subfield code="9">26738</subfield>
  </datafield>
  <datafield tag="700" ind1=" " ind2=" ">
    <subfield code="a">Yoshino, Masato </subfield>
    <subfield code="9">26759</subfield>
  </datafield>
  <datafield tag="700" ind1=" " ind2=" ">
    <subfield code="a">Suzuki, Kosuke </subfield>
    <subfield code="9">26760</subfield>
  </datafield>
  <datafield tag="942" ind1=" " ind2=" ">
    <subfield code="c">BK</subfield>
  </datafield>
  <datafield tag="999" ind1=" " ind2=" ">
    <subfield code="c">60743</subfield>
    <subfield code="d">60743</subfield>
  </datafield>
  <datafield tag="952" ind1=" " ind2=" ">
    <subfield code="0">0</subfield>
    <subfield code="1">0</subfield>
    <subfield code="2">ddc</subfield>
    <subfield code="4">0</subfield>
    <subfield code="6">519_400000000000000_INA</subfield>
    <subfield code="7">0</subfield>
    <subfield code="9">93812</subfield>
    <subfield code="a">MAIN</subfield>
    <subfield code="b">MAIN</subfield>
    <subfield code="d">2026-04-25</subfield>
    <subfield code="l">0</subfield>
    <subfield code="o">519.4 INA</subfield>
    <subfield code="p">32845</subfield>
    <subfield code="r">2026-04-25</subfield>
    <subfield code="w">2026-04-25</subfield>
    <subfield code="y">BK</subfield>
  </datafield>
  <datafield tag="952" ind1=" " ind2=" ">
    <subfield code="0">0</subfield>
    <subfield code="1">0</subfield>
    <subfield code="2">ddc</subfield>
    <subfield code="4">0</subfield>
    <subfield code="6">519_400000000000000_INA</subfield>
    <subfield code="7">0</subfield>
    <subfield code="9">93813</subfield>
    <subfield code="a">MAIN</subfield>
    <subfield code="b">MAIN</subfield>
    <subfield code="d">2026-04-25</subfield>
    <subfield code="l">0</subfield>
    <subfield code="o">519.4 INA</subfield>
    <subfield code="p">32846</subfield>
    <subfield code="r">2026-04-25</subfield>
    <subfield code="w">2026-04-25</subfield>
    <subfield code="y">BK</subfield>
  </datafield>
  <datafield tag="952" ind1=" " ind2=" ">
    <subfield code="0">0</subfield>
    <subfield code="1">0</subfield>
    <subfield code="2">ddc</subfield>
    <subfield code="4">0</subfield>
    <subfield code="6">519_400000000000000_INA</subfield>
    <subfield code="7">0</subfield>
    <subfield code="9">93814</subfield>
    <subfield code="a">MAIN</subfield>
    <subfield code="b">MAIN</subfield>
    <subfield code="d">2026-04-25</subfield>
    <subfield code="l">0</subfield>
    <subfield code="o">519.4 INA</subfield>
    <subfield code="p">32847</subfield>
    <subfield code="r">2026-04-25</subfield>
    <subfield code="w">2026-04-25</subfield>
    <subfield code="y">BK</subfield>
  </datafield>
</record>
